| 000 | 00769nam a22002171a 4500 | ||
|---|---|---|---|
| 005 | 20110718133202.0 | ||
| 008 | 091005s1995 001 0 eng d | ||
| 020 | _c0.00 | ||
| 040 | _aNEGST Library - Kenya | ||
| 050 | 4 | _aBS 325.L45 1995 | |
| 082 | 0 | _aBS 325.L45 1995 | |
| 100 | 1 | _aBible League (South Holland, Ill.) | |
| 245 | 1 | 0 | _aKatoti bunyimi bowodi : Lelemi. |
| 260 |
_bBible League in cooperat, _c1995. |
||
| 300 | _a603 p. : ill., m. | ||
| 500 | _a"The New Testament the Lelemi language, Ghana, West Africa." - T.p. verso. Maps on end papers. [Africana] | ||
| 600 | 1 | 0 | _aLelemi language - Texts. |
| 600 | 1 | 0 | _aBible. N.T. Lelemi. 1995. |
| 700 | 1 | _aGhana Institute of Linguistics, Literacy. | |
| 852 | _94.00 | ||
| 999 |
_c40163 _d40163 |
||